[Event "Brussel"]
[Site "Brussel Brussels"]
[Date "1986.??.??"]
[Round "?"]
[White "Ljubojevic, Ljubomir"]
[Black "Van der Wiel, John T H"]
[Result "1/2-1/2"]
[WhiteElo "2605"]
[BlackElo "2555"]
[PlyCount "96"]
[EventDate "1986.??.??"]
[Source "www.chesslib.no"]
[SourceDate "2004.05.04"]

1. e4 c5 2. Nf3 d6 3. d4 cxd4 4. Nxd4 Nf6 5. Nc3 Nc6 6. Be2 e5 7. Nb3 Be7 8. O-O O-O 9. Be3 Be6 10. Bf3 a5 11. Nd5 a4 12. Nd2 Bxd5 13. exd5 Nb4 14. c4 Qa5 15. Nb1 Na6 16. Nc3 a3 17. Qb3 axb2 18. Qxb2 Nc5 19. Bxc5 Qxc5 20. Qxb7 Qxc4 21. Rfc1 Qa6 22. Qxe7 Ra7 23. Be2 Qa3 24. Qxf8+ Kxf8 25. Nb5 Qa5 26. Nxa7 Qxa7 27. Rc8+ Ke7 28. Rac1 Nxd5 29. Bf3 Qxa2 30. Bxd5 Qxd5 31. g3 Kf6 32. R1c7 e4 33. Re8 h5 34. h3 h4 35. gxh4 Qd1+ 36. Kg2 Qf3+ 37. Kg1 d5 38. Rd7 Qxh3 39. Rd6+ Kf5 40. Rxd5+ Kf4 41. Rg5 g6 42. Rf8 Qxh4 43. Rxg6 Qe7 44. Rgg8 e3 45. fxe3+ Qxe3+ 46. Kh2 Qe2+ 47. Rg2 Qh5+ 48. Kg1 Qd1+ 1/2-1/2

[Event "Nova Gorica op 7th"]
[Site "Nova Gorica"]
[Date "2002.02.07"]
[Round "8"]
[White "Sermek, Drazen"]
[Black "Pavasovic, Dusko"]
[Result "1/2-1/2"]
[WhiteElo "2595"]
[BlackElo "2547"]
[PlyCount "28"]
[EventDate "2002.01.12"]
[Source "ChessBase"]
[SourceDate "2002.03.14"]

1. e4 c5 2. Nf3 Nc6 3. d4 cxd4 4. Nxd4 Nf6 5. Nc3 d6 6. Be2 e5 7. Nb3 Be7 8. O-O O-O 9. Be3 Be6 10. Qd2 d5 11. exd5 Nxd5 12. Nxd5 Qxd5 13. Qxd5 Bxd5 14. Rfd1 Rfd8 1/2-1/2

[Event "Nojabrsk RUS"]
[Site "?"]
[Date "2005.03.07"]
[Round "6"]
[White "Novikov Stanislav"]
[Black "Alekseev Evgeny"]
[Result "0-1"]
[WhiteElo "2514"]
[BlackElo "2605"]
[PlyCount "78"]
[EventDate "2005.??.??"]
[Source "www.chesslib.no"]
[SourceDate "2004.05.04"]

1. e4 c5 2. Nf3 d6 3. d4 cxd4 4. Nxd4 Nf6 5. Nc3 Nc6 6. Be2 e5 7. Nb3 Be7 8. Bg5 O-O 9. Qd3 a5 10. a3 a4 11. Nd2 Nd4 12. Nf3 Ne6 13. Bxf6 Bxf6 14. Qd2 Nc5 15. O-O Be6 16. Rfd1 Be7 17. Nd5 Nxe4 18. Qb4 Bxd5 19. Rxd5 Nf6 20. Rb5 d5 21. Qd2 Qc7 22. c4 Bc5 23. cxd5 Bxf2+ 24. Kf1 Bc5 25. Rc1 b6 26. d6 Qd7 27. Nxe5 Qe6 28. Rbxc5 bxc5 29. Nc4 Rad8 30. Rd1 Rfe8 31. Qd3 Ng4 32. Bxg4 Qxg4 33. h3 Qh4 34. Na5 Rd7 35. Qb5 Qf4+ 36. Kg1 Qe3+ 37. Kh1 Rxd6 38. Rg1 Rh6 39. Rd1 Rxh3+ 0-1

[Event "Open"]
[Site "Kavala GRE"]
[Date "2007.08.06"]
[Round "3"]
[White "Marjanovic, Slavo"]
[Black "Kotronias, V."]
[Result "1/2-1/2"]
[WhiteElo "2480"]
[BlackElo "2612"]
[PlyCount "79"]
[EventDate "2007.08.05"]
[Source "www.chesslib.no"]
[SourceDate "2004.05.04"]

1. e4 c5 2. Nf3 Nc6 3. d4 cxd4 4. Nxd4 Nf6 5. Nc3 d6 6. Be2 e5 7. Nb3 Be7 8. Bg5 O-O 9. Bxf6 Bxf6 10. Nd5 Bg5 11. O-O a5 12. a4 Ne7 13. Bc4 Kh8 14. Nxe7 Qxe7 15. Bd5 f5 16. Qd3 Qc7 17. Nd2 Bxd2 18. Qxd2 f4 19. Ra3 Qe7 20. Rd1 Rf6 21. Rd3 Rh6 22. h3 Qg5 23. Kf1 Rg6 24. g4 Qh4 25. Qc3 Rh6 26. Ke1 Qd8 27. Bc4 Qe7 28. Qa3 Bd7 29. Rxd6 Bc6 30. Rxh6 Qxa3 31. bxa3 gxh6 32. Bd5 Bxa4 33. Rb1 Bxc2 34. Rxb7 Rc8 35. h4 Ba4 36. Re7 Rc1+ 37. Ke2 Rc2+ 38. Ke1 Rc1+ 39. Ke2 Rc2+ 40. Ke1 1/2-1/2

[Event "Israel 75/185"]
[Site "?"]
[Date "1999.??.??"]
[Round "?"]
[White "Kosashvili, Yona"]
[Black "Greenfeld, Alon"]
[Result "0-1"]
[WhiteElo "2565"]
[BlackElo "2521"]
[PlyCount "74"]
[EventDate "1999.??.??"]
[Source "ChessBase"]
[SourceDate "1999.02.01"]

1. e4 c5 2. Nf3 Nc6 3. d4 cxd4 4. Nxd4 Nf6 5. Nc3 d6 6. Be2 e5 7. Nb3 Be7 8. O-O O-O 9. Bf3 a5 10. a4 Nb4 11. Bg5 Be6 12. Bxf6 Bxf6 13. Nd2 Rc8 14. Ndb1 d5 15. exd5 Bf5 16. Na3 e4 17. Bg4 Bxg4 18. Qxg4 Bxc3 19. bxc3 f5 20. Qg3 Nxd5 21. Nb5 Qf6 22. c4 Rxc4 23. Qb3 Rc5 24. Rad1 Qe6 25. Rfe1 Kh8 26. Nd4 Qf6 27. Qxb7 Nc3 28. Rd2 f4 29. Qa7 Rg5 30. Nb5 e3 31. Rd6 Ne2+ 32. Kf1 Rxg2 33. Rxe2 Qa1+ 34. Kxg2 f3+ 35. Kh3 Qf1+ 36. Kh4 fxe2 37. Qf7 Qxf2+ 0-1

[Event "Chigorin Memorial"]
[Site "St. Petersburg"]
[Date "2004.10.20"]
[Round "5.5"]
[White "Yurtaev, Leonid"]
[Black "Ivanov, Sergey"]
[Result "0-1"]
[WhiteElo "2524"]
[BlackElo "2553"]
[PlyCount "148"]
[EventDate "2004.10.15"]
[Source "Roberto Alvarez"]
[SourceDate "2004.11.08"]

1. e4 c5 2. Nf3 Nc6 3. d4 cxd4 4. Nxd4 Nf6 5. Nc3 d6 6. Be2 e5 7. Nb3 Be7 8. O-O O-O 9. f4 a5 10. a4 Nb4 11. Kh1 Be6 12. Bf3 Qb6 13. Re1 Nxc2 14. Qxc2 Bxb3 15. Qe2 exf4 16. Bxf4 Nd7 17. Be3 Qa6 18. Qf2 Ne5 19. Be2 Qc6 20. Qg3 Qd7 21. Bd4 Bf6 22. Rf1 Qe7 23. Nb5 Bc2 24. Rf4 Bg5 25. Rf5 Bh4 26. Qe3 g6 27. Rff1 Bg5 28. Qg3 Nc6 29. Bc3 Rad8 30. Bd3 Bh4 31. Qe3 Bxd3 32. Qxd3 Rfe8 33. g3 Bg5 34. Rae1 Rd7 35. Qd5 Bh6 36. Na7 Bg7 37. Bxg7 Kxg7 38. Nxc6 bxc6 39. Qxc6 Rc7 40. Qb6 Rc2 41. Qxa5 Rb8 42. b4 Qe6 43. Qd5 Rxb4 44. Qxe6 fxe6 45. Rc1 Rxc1 46. Rxc1 Rxa4 47. Rc6 Rxe4 48. Rxd6 Kf6 49. Rd2 g5 50. Kg2 h5 51. h3 g4 52. hxg4 hxg4 53. Kf2 Ra4 54. Rd3 Ra2+ 55. Ke1 Kf5 56. Rb3 Ke4 57. Rc3 e5 58. Rb3 Rc2 59. Kd1 Rf2 60. Ke1 Rf3 61. Rb4+ Kf5 62. Ra4 Rxg3 63. Kf2 Rf3+ 64. Kg2 e4 65. Ra7 Kf4 66. Rf7+ Ke3 67. Ra7 Kd2 68. Ra2+ Kc3 69. Ra4 Kd3 70. Ra3+ Kd4 71. Ra4+ Ke5 72. Ra5+ Kf4 73. Ra7 e3 74. Ra5 e2 0-1

[Event "New York op"]
[Site "New York"]
[Date "1989.??.??"]
[Round "4"]
[White "Zapata, Alonso"]
[Black "Dlugy, Maxim"]
[Result "1/2-1/2"]
[WhiteElo "2490"]
[BlackElo "2570"]
[PlyCount "42"]
[EventDate "1989.03.??"]
[Source "ChessBase"]

1. e4 c5 2. Nf3 d6 3. d4 cxd4 4. Nxd4 Nf6 5. Nc3 Nc6 6. Be2 e5 7. Nb3 Be7 8. O-O a5 9. Be3 O-O 10. Qd2 a4 11. Nc1 a3 12. Rb1 Be6 13. Rd1 axb2 14. Rxb2 Qc8 15. f3 Na5 16. Nd5 Nxd5 17. exd5 Bf5 18. c3 Bd8 19. Rb4 Re8 20. Nb3 Re7 21. Qb2 Nxb3 1/2-1/2

[Event "Yerevan"]
[Site "Yerevan"]
[Date "1982.??.??"]
[Round "11"]
[White "Abramovic, Bosko"]
[Black "Tal, Mihail"]
[Result "1/2-1/2"]
[WhiteElo "2445"]
[BlackElo "2605"]
[PlyCount "66"]
[EventDate "1982.??.??"]
[Source "ChessBase"]

1. e4 c5 2. Nf3 d6 3. d4 cxd4 4. Nxd4 Nf6 5. Nc3 Nc6 6. Be2 e5 7. Nb3 Be7 8. O-O O-O 9. Kh1 a5 10. Bg5 Nxe4 11. Nxe4 Bxg5 12. Nxd6 a4 13. Nc5 Be7 14. Nce4 Be6 15. Bc4 Qd7 16. Bxe6 Qxe6 17. Nb5 Rfd8 18. Qe2 Rac8 19. b3 f5 20. Nd2 Nd4 21. Nxd4 Rxd4 22. Nf3 Re4 23. Qd3 Rb4 24. Rad1 e4 25. Qe3 f4 26. Qe2 Qf6 27. Ne1 Rd4 28. Rxd4 Qxd4 29. Qg4 Rf8 30. Qe6+ Rf7 31. c3 Qxc3 32. Qxe4 axb3 33. axb3 Qxb3 1/2-1/2

[Event "Palma de Mallorca"]
[Site "?"]
[Date "1989.??.??"]
[Round "?"]
[White "Campora, D."]
[Black "Popovic, P."]
[Result "1/2-1/2"]
[WhiteElo "2505"]
[BlackElo "2545"]
[PlyCount "26"]
[EventDate "1989.??.??"]
[Source "www.chesslib.no"]
[SourceDate "2004.05.04"]

1. e4 c5 2. Nf3 d6 3. d4 cxd4 4. Nxd4 Nf6 5. Nc3 Nc6 6. Be2 e5 7. Nb3 Be7 8. O-O O-O 9. f4 a5 10. Be3 a4 11. Nd2 a3 12. Nc4 axb2 13. Rb1 exf4 1/2-1/2

[Event "Yerevan"]
[Site "Yerevan"]
[Date "1989.??.??"]
[Round "?"]
[White "Marjanovic, Slavoljub"]
[Black "Csom, Istvan"]
[Result "1/2-1/2"]
[WhiteElo "2490"]
[BlackElo "2545"]
[PlyCount "22"]
[EventDate "1989.05.??"]
[Source "ChessBase"]

1. e4 c5 2. Nf3 d6 3. d4 cxd4 4. Nxd4 Nf6 5. Nc3 Nc6 6. Be2 e5 7. Nb3 Be7 8. O-O O-O 9. Kh1 a5 10. a4 Be6 11. f4 exf4 1/2-1/2

[Event "XXI Carlos Torre KO"]
[Site "Merida MES"]
[Date "2008.12.17"]
[Round "1.1"]
[White "Martinez, Lel"]
[Black "Hernandez Guerrero, G."]
[Result "1-0"]
[WhiteElo "2485"]
[BlackElo "2549"]
[PlyCount "93"]
[EventDate "2008.12.17"]
[Source "www.chesslib.no"]
[SourceDate "2004.05.04"]

1. e4 c5 2. Nf3 d6 3. d4 cxd4 4. Nxd4 Nf6 5. Nc3 Nc6 6. Be2 e5 7. Nb3 Be7 8. O-O O-O 9. Be3 a5 10. a3 Be6 11. Bf3 a4 12. Nc1 Qa5 13. N1a2 Rfd8 14. Nd5 Bxd5 15. exd5 Nb8 16. Qd3 Nbd7 17. Rfd1 Rdc8 18. Qd2 Bd8 19. Qxa5 Bxa5 20. Rac1 Bb6 21. Bd2 Kf8 22. Be1 Ke7 23. Be2 Ba5 24. Nc3 Nb6 25. Rb1 Rc7 26. Bf3 Nc4 27. Rd3 g6 28. Be2 h5 29. f3 Nd7 30. Bh4+ f6 31. Nxa4 b5 32. b4 bxa4 33. bxa5 Nxa5 34. Bd1 Nb7 35. Be1 Nbc5 36. Rc3 g5 37. h4 Rg8 38. Rc4 Rcc8 39. Bd2 Rg7 40. c3 Ra8 41. Bc2 g4 42. fxg4 hxg4 43. h5 e4 44. Bxe4 g3 45. Bf5 Rh8 46. h6 Rgg8 47. Rcb4 1-0

[Event "Memorial Keres A"]
[Site "Tallinn EST"]
[Date "2007.01.09"]
[Round "5"]
[White "Onischuk, V."]
[Black "Ivanov, Sergey1"]
[Result "1/2-1/2"]
[WhiteElo "2469"]
[BlackElo "2534"]
[PlyCount "67"]
[EventDate "2007.01.06"]
[Source "www.chesslib.no"]
[SourceDate "2004.05.04"]

1. e4 c5 2. Nf3 Nc6 3. d4 cxd4 4. Nxd4 Nf6 5. Nc3 d6 6. Be2 e5 7. Nb3 Be7 8. O-O O-O 9. f4 a5 10. a4 Nb4 11. Kh1 Be6 12. f5 Bd7 13. Bg5 Bc6 14. Bf3 h6 15. Bxf6 Bxf6 16. Qe2 Qb6 17. Rfd1 Rad8 18. g3 Rfe8 19. Bg2 Re7 20. Nb5 Red7 21. c4 Na6 22. h4 Nc5 23. Nd2 Re8 24. Ra3 Qd8 25. Nb1 g6 26. Rf1 gxf5 27. Rxf5 Ne6 28. N1c3 Nd4 29. Nxd4 exd4 30. Nd5 Bxd5 31. cxd5 Rc7 32. Qg4+ Bg7 33. Raf3 Re5 34. Rxe5 1/2-1/2

[Event "Veterans-Women"]
[Site "Monte Carlo"]
[Date "1994.??.??"]
[Round "6"]
[White "Spassky, Boris V"]
[Black "Ioseliani, Nana"]
[Result "1/2-1/2"]
[WhiteElo "2565"]
[BlackElo "2435"]
[PlyCount "25"]
[EventDate "1994.06.??"]
[Source "ChessBase"]

1. e4 c5 2. Nf3 d6 3. d4 cxd4 4. Nxd4 Nf6 5. Nc3 Nc6 6. Be2 e5 7. Nb3 Be7 8. Be3 Be6 9. O-O O-O 10. Bf3 a5 11. Nd5 Bxd5 12. exd5 Nb4 13. c3 1/2-1/2

[Event "Mexico City Open"]
[Site "Mexico City MEX"]
[Date "1991.??.??"]
[Round "5"]
[White "Rodriguez Cespedes, Amador"]
[Black "Vera, Reynaldo G"]
[Result "1/2-1/2"]
[WhiteElo "2530"]
[BlackElo "2465"]
[PlyCount "23"]
[EventDate "1991.07.??"]
[Source "www.chesslib.no"]
[SourceDate "2004.05.04"]

1. e4 c5 2. Nf3 Nc6 3. d4 cxd4 4. Nxd4 Nf6 5. Nc3 d6 6. Be2 e5 7. Nb3 Be7 8. O-O O-O 9. f4 a5 10. a4 Nb4 11. Rb1 Be6 12. Be3 1/2-1/2

[Event "Linares NL"]
[Site "Linares ESP"]
[Date "1993.??.??"]
[Round "5"]
[White "Zapata, Alonso"]
[Black "Martin del Campo, Roberto"]
[Result "1/2-1/2"]
[WhiteElo "2580"]
[BlackElo "2410"]
[PlyCount "90"]
[EventDate "1993.??.??"]
[Source "www.chesslib.no"]
[SourceDate "2004.05.04"]

1. e4 c5 2. Nf3 d6 3. d4 cxd4 4. Nxd4 Nf6 5. Nc3 Nc6 6. Be2 e5 7. Nb3 Be7 8. O-O O-O 9. Be3 a5 10. f3 a4 11. Nc1 a3 12. Rb1 Be6 13. Nd5 Bxd5 14. exd5 axb2 15. Rxb2 Na5 16. Rb5 Nd7 17. Nb3 Nxb3 18. axb3 b6 19. Rb4 Bg5 20. Bf2 f5 21. Bb5 Nc5 22. Rc4 Ra5 23. Bc6 b5 24. Rxc5 dxc5 25. Bxc5 b4 26. Bxf8 Kxf8 27. f4 Bxf4 28. Qe1 Qb6+ 29. Kh1 g6 30. g3 Be3 31. g4 Qd4 32. d6 Rd5 33. Rf3 Rxd6 34. Rxe3 Rxc6 35. Rxe5 Qd7 36. gxf5 Rxc2 37. fxg6 Qc6+ 38. Qe4 Rc1+ 39. Kg2 Rc2+ 40. Kh3 Rc3+ 41. Kg4 Qxe4+ 42. Rxe4 Rxb3 43. gxh7 Kg7 44. Re7+ Kh8 45. Kf5 Rc3 1/2-1/2

[Event "Ch France (b)"]
[Site "Aix les Bains (France)"]
[Date "2007.08.23"]
[Round "10"]
[White "Libiszewski Fabien (FRA)"]
[Black "Abergel Thal (FRA)"]
[Result "1/2-1/2"]
[WhiteElo "2469"]
[BlackElo "2512"]
[PlyCount "24"]
[EventDate "2007.??.??"]
[Source "www.chesslib.no"]
[SourceDate "2004.05.04"]

1. e4 c5 2. Nf3 Nc6 3. Nc3 d6 4. d4 cxd4 5. Nxd4 Nf6 6. Be2 e5 7. Nb3 Be7 8. O-O O-O 9. Be3 a5 10. a4 Nb4 11. Re1 Be6 12. Bf3 Rc8 1/2-1/2

[Event "Ch Marshall Chess Cl"]
[Site "Ch Marshall Chess Cl"]
[Date "1995.??.??"]
[Round "?"]
[White "Brooks, Michael A"]
[Black "Gabriel, Christian"]
[Result "0-1"]
[WhiteElo "2445"]
[BlackElo "2535"]
[PlyCount "80"]
[EventDate "1995.??.??"]
[Source "www.chesslib.no"]
[SourceDate "2004.05.04"]

1. e4 c5 2. Nf3 d6 3. d4 cxd4 4. Nxd4 Nf6 5. Nc3 Nc6 6. Be2 e5 7. Nb3 Be7 8. O-O O-O 9. f4 a5 10. a4 Nb4 11. Kh1 Be6 12. f5 Bd7 13. Bg5 Rc8 14. Nd2 Bc6 15. Bxf6 Bxf6 16. Bc4 d5 17. exd5 Nxd5 18. Bxd5 Bxd5 19. Qg4 Bc6 20. Nde4 Qe7 21. Rae1 Rfd8 22. Re2 Rd4 23. Nb5 h5 24. Qf3 Rxa4 25. Na7 Bxe4 26. Nxc8 Qb4 27. Qe3 Bc6 28. b3 Ra2 29. Na7 Bd7 30. h3 a4 31. Qf4 Qf8 32. Nc8 Qa3 33. bxa4 Qc3 34. Qe4 Be6 35. Qc6 Rxc2 36. Rfe1 Rc1 37. Qc4 Qd3 38. Qc6 Qxf5 39. Qc7 Bc4 40. Qxe5 Bb5 0-1

[Event "New York Marshall"]
[Site "New York, NY USA"]
[Date "1995.??.??"]
[Round "1"]
[White "Brooks, Michael A"]
[Black "Gabriel, Christian"]
[Result "0-1"]
[WhiteElo "2445"]
[BlackElo "2535"]
[PlyCount "80"]
[EventDate "1995.??.??"]
[Source "www.chesslib.no"]
[SourceDate "2004.05.04"]

1. e4 c5 2. Nf3 d6 3. d4 cxd4 4. Nxd4 Nf6 5. Nc3 Nc6 6. Be2 e5 7. Nb3 Be7 8. O-O O-O 9. f4 a5 10. a4 Nb4 11. Kh1 Be6 12. f5 Bd7 13. Bg5 Rc8 14. Nd2 Bc6 15. Bxf6 Bxf6 16. Bc4 d5 17. exd5 Nxd5 18. Bxd5 Bxd5 19. Qg4 Bc6 20. Nde4 Qe7 21. Rae1 Rfd8 22. Re2 Rd4 23. Nb5 h5 24. Qf3 Rxa4 25. Na7 Bxe4 26. Nxc8 Qb4 27. Qe3 Bc6 28. b3 Ra2 29. Na7 Bd7 30. h3 a4 31. bxa4 Qxa4 32. Rd2 Be8 33. Nc8 Qc4 34. Qe2 Qxc8 35. Qxh5 Rxc2 36. Qd1 Rxd2 37. Qxd2 Bc6 38. Qd6 Qd8 39. Qxd8+ Bxd8 40. Ra1 Bf6 0-1

[Event "It (Open) INT"]
[Site "?"]
[Date "2006.05.06"]
[Round "?"]
[White "Frolyanov Dmitry"]
[Black "Kryakvin Dmitry"]
[Result "0-1"]
[WhiteElo "2497"]
[BlackElo "2472"]
[PlyCount "150"]
[EventDate "2006.??.??"]
[Source "www.chesslib.no"]
[SourceDate "2004.05.04"]

1. e4 c5 2. Nf3 d6 3. d4 cxd4 4. Nxd4 Nf6 5. Nc3 Nc6 6. Be2 e5 7. Nb3 Be7 8. O-O O-O 9. Bg5 Nxe4 10. Nxe4 Bxg5 11. Nxg5 Qxg5 12. Qxd6 Bf5 13. c3 Be4 14. g3 Rad8 15. Qc5 Qh6 16. f3 Bd5 17. Qf2 b6 18. Rad1 Be6 19. Bb5 Ne7 20. Rfe1 Qf6 21. Bf1 Ng6 22. Qe2 Rxd1 23. Rxd1 Rd8 24. Rxd8+ Qxd8 25. Qd3 Qxd3 26. Bxd3 Ne7 27. Kf2 f6 28. Ke3 Kf7 29. Nc1 f5 30. b3 Kf6 31. Ne2 g5 32. c4 Nc6 33. f4 h6 34. Bb1 a5 35. fxe5+ Kxe5 36. h3 Bf7 37. a3 a4 38. bxa4 Bxc4 39. Nc3 f4+ 40. gxf4+ gxf4+ 41. Kf2 Kd4 42. Ne4 Ne5 43. Nd6 Be6 44. Nb5+ Kc5 45. Nc7 Bc4 46. Be4 Kd6 47. Ne8+ Kc5 48. Nc7 Bf7 49. Bc2 Kd4 50. Nb5+ Kc4 51. Bb1 Kc5 52. Bc2 Bc4 53. Nc7 Kc6 54. Ne8 Be6 55. Nf6 Kc5 56. Be4 Kd4 57. Bb7 Kc3 58. Nh5 f3 59. Bxf3 Kb3 60. Bd1+ Kxa3 61. Nf4 Bd7 62. Nd5 Nc4 63. Be2 Na5 64. Nxb6 Be6 65. Nc4+ Bxc4 66. Bxc4 Nxc4 67. Kg3 Kxa4 68. Kh4 Ne3 69. Kh5 Nf5 70. Kg6 Nd4 71. Kxh6 Kb5 72. h4 Kc6 73. h5 Ne6 74. Kg6 Nf8+ 75. Kf6 Nd7+ 0-1

[Event "Voronezh RUS"]
[Site "?"]
[Date "2006.06.14"]
[Round "3"]
[White "Tarlev Konstantin"]
[Black "Novikov Stanislav"]
[Result "1/2-1/2"]
[WhiteElo "2419"]
[BlackElo "2545"]
[PlyCount "47"]
[EventDate "2006.??.??"]
[Source "www.chesslib.no"]
[SourceDate "2004.05.04"]

1. e4 c5 2. Nf3 Nc6 3. d4 cxd4 4. Nxd4 Nf6 5. Nc3 d6 6. Be2 e5 7. Nb3 Be7 8. O-O O-O 9. Kh1 a5 10. a4 Nb4 11. f4 Bd7 12. Bf3 Qb6 13. Re1 Rac8 14. Be3 Qa6 15. Nc1 Be6 16. Nd3 Rfd8 17. Qd2 d5 18. exd5 Nfxd5 19. Nxd5 Nxd5 20. fxe5 Bb4 21. Nxb4 Nxb4 22. Qf2 Nxc2 23. Be2 Qa8 24. Qg3 1/2-1/2

[Event "Samara (Russia)"]
[Site "?"]
[Date "2004.03.02"]
[Round "1"]
[White "Ponkratov Pavel"]
[Black "Kurnosov Igor"]
[Result "1/2-1/2"]
[WhiteElo "2413"]
[BlackElo "2533"]
[PlyCount "105"]
[EventDate "2004.??.??"]
[Source "www.chesslib.no"]
[SourceDate "2004.05.04"]

1. e4 c5 2. Nf3 d6 3. d4 cxd4 4. Nxd4 Nf6 5. Nc3 Nc6 6. Be2 e5 7. Nb3 Be7 8. O-O O-O 9. f4 a5 10. Be3 a4 11. Nd2 exf4 12. Bxf4 Be6 13. Kh1 Qa5 14. a3 Ne5 15. Nf3 Nc4 16. Bxc4 Bxc4 17. Re1 Rfd8 18. Nd4 Bf8 19. Qd2 Ng4 20. h3 Ne5 21. Nf5 Be6 22. Ne3 Rac8 23. Rad1 b5 24. Ne2 Qxd2 25. Rxd2 Nc4 26. Nxc4 Rxc4 27. Nd4 Bd7 28. c3 Re8 29. Bg3 g6 30. Kg1 Bh6 31. Rd3 f5 32. exf5 Rxe1+ 33. Bxe1 Bc1 34. fxg6 hxg6 35. Nf3 Bxb2 36. Rxd6 Bf5 37. g4 Be4 38. Nd2 Rxc3 39. Nxe4 Re3 40. Bb4 Rxe4 41. Rxg6+ Kh7 42. Rg5 Re3 43. Rh5+ Kg6 44. Kf2 Rb3 45. Kg2 Bc1 46. Rc5 Bf4 47. Rc6+ Kh7 48. Rc3 Rxc3 49. Bxc3 Bd6 50. Bb2 b4 51. axb4 Bxb4 52. Kf3 a3 53. Bxa3 1/2-1/2

[Event "St Martin Open"]
[Site "St Martin"]
[Date "1991.??.??"]
[Round "6"]
[White "Shirazi, Kamran G"]
[Black "Dzindzichashvili, Roman"]
[Result "0-1"]
[WhiteElo "2390"]
[BlackElo "2555"]
[PlyCount "96"]
[EventDate "1991.??.??"]
[Source "www.chesslib.no"]
[SourceDate "2004.05.04"]

1. e4 c5 2. Nf3 Nc6 3. d4 cxd4 4. Nxd4 Nf6 5. Nc3 d6 6. Be3 e5 7. Nb3 Be6 8. Be2 Be7 9. O-O O-O 10. Qd2 a5 11. a4 Nb4 12. Rfd1 Rc8 13. Rac1 Rxc3 14. bxc3 Nxe4 15. Qe1 Na2 16. Ra1 Naxc3 17. Rdc1 Nxe2+ 18. Qxe2 d5 19. Bd2 b6 20. Be1 Bf6 21. c4 dxc4 22. Rxc4 Nd6 23. Rc3 e4 24. Rac1 Bxc3 25. Rxc3 Qd7 26. Nd4 Qxa4 27. Nxe6 fxe6 28. h3 Rc8 29. Qd2 Rxc3 30. Qxc3 Qb4 31. Qc1 Qc5 32. Qxc5 bxc5 33. Bxa5 Kf7 34. Kf1 e5 35. Bb6 c4 36. Ke2 Ke6 37. Kd2 Kd5 38. Kc2 Nf5 39. Kc3 Nh4 40. g3 Nf5 41. g4 Nd4 42. h4 Nf3 43. h5 Nh2 44. g5 g6 45. hxg6 hxg6 46. Be3 Nf3 47. Kb4 Nd4 48. Bd2 e3 0-1

[Event "Kladovo"]
[Site "?"]
[Date "1980.04.12"]
[Round "3"]
[White "Abramovic Bosko"]
[Black "Kuzmin Gennadi P"]
[Result "1/2-1/2"]
[WhiteElo "2415"]
[BlackElo "2530"]
[PlyCount "85"]
[EventDate "1980.??.??"]
[Source "www.chesslib.no"]
[SourceDate "2004.05.04"]

1. e4 c5 2. Nf3 d6 3. d4 cxd4 4. Nxd4 Nf6 5. Nc3 Nc6 6. Be2 e5 7. Nb3 Be7 8. O-O O-O 9. Kh1 a5 10. a4 Nb4 11. f4 Bd7 12. Bf3 Bc6 13. Qe2 Qc7 14. fxe5 dxe5 15. Nd1 Qd7 16. Nc3 b6 17. Bg5 Qb7 18. Rac1 Rad8 19. Nd2 h6 20. Be3 Rc8 21. Qf2 b5 22. Qg3 Kh8 23. Qxe5 bxa4 24. Qxa5 Rfe8 25. Qa7 Qxa7 26. Bxa7 Bd6 27. Be3 Be5 28. Nc4 Bxc3 29. bxc3 Na2 30. Ra1 Bb5 31. Nd6 Bxf1 32. Nxc8 Rxc8 33. Rxa2 Bb5 34. Bd4 Re8 35. e5 Nd7 36. Rb2 Bc4 37. Rb4 Nxe5 38. Rxa4 Nxf3 39. gxf3 Bd5 40. Kg2 Re2+ 41. Kg3 Rxc2 42. Ra5 Be6 43. f4 1/2-1/2

[Event "4th LGA Premium Cup"]
[Site "Nuernberg GER"]
[Date "2007.09.07"]
[Round "3"]
[White "Klundt, K."]
[Black "Kogan, Ar"]
[Result "1-0"]
[WhiteElo "2375"]
[BlackElo "2569"]
[PlyCount "129"]
[EventDate "2007.09.06"]
[Source "www.chesslib.no"]
[SourceDate "2004.05.04"]

1. e4 c5 2. Nf3 Nc6 3. d4 cxd4 4. Nxd4 Nf6 5. Nc3 d6 6. Be2 e5 7. Nb3 Be7 8. O-O O-O 9. Kh1 a5 10. Be3 a4 11. Nd2 a3 12. b3 d5 13. Nxd5 Nxd5 14. exd5 Qxd5 15. Nc4 Qxd1 16. Rfxd1 Be6 17. c3 f5 18. Nd6 Nd4 19. Bxd4 Bxd6 20. Bb6 Be7 21. Bb5 Kf7 22. c4 e4 23. Kg1 g5 24. Bd7 Bf6 25. Rab1 Be5 26. Bxe6+ Kxe6 27. Rd5 Rfc8 28. Rbd1 Rc6 29. Bd4 Bxd4 30. R1xd4 h5 31. Kf1 Raa6 32. Ke2 Rd6 33. Ke3 Rxd5 34. Rxd5 Rd6 35. Rxd6+ Kxd6 36. Kd4 b6 37. g3 h4 38. gxh4 gxh4 39. h3 Ke6 40. b4 Kd6 41. b5 Ke6 42. c5 bxc5+ 43. Kxc5 f4 44. b6 Kd7 45. Kd4 e3 46. fxe3 fxe3 47. Kxe3 Kc6 48. Kd4 Kxb6 49. Kc4 Ka5 50. Kb3 Kb5 51. Kxa3 Kc5 52. Kb3 Kd5 53. Kb4 Ke5 54. Kc5 Kf4 55. a4 Kg3 56. a5 Kxh3 57. a6 Kh2 58. a7 h3 59. a8=Q Kg1 60. Qg8+ Kh1 61. Qd5+ Kg1 62. Qg5+ Kh1 63. Qd5+ Kg1 64. Qd4+ Kf1 65. Qf4+ 1-0

[Event "US-op"]
[Site "Las Vegas"]
[Date "1997.??.??"]
[Round "3"]
[White "Akopian, Artak"]
[Black "Atalik, Suat"]
[Result "0-1"]
[WhiteElo "2345"]
[BlackElo "2595"]
[PlyCount "72"]
[EventDate "1997.04.??"]
[Source "ChessBase"]
[SourceDate "1997.07.29"]

1. e4 c5 2. Nf3 d6 3. d4 cxd4 4. Nxd4 Nf6 5. Nc3 Nc6 6. Be2 e5 7. Nb3 Be7 8. O-O O-O 9. Be3 a5 10. a4 Nb4 11. f4 Be6 12. Kh1 Rc8 13. Bf3 d5 14. fxe5 Nxe4 15. Bxe4 dxe4 16. Nd4 Qc7 17. Bf4 Qc4 18. Ndb5 Rcd8 19. Nd6 Qc6 20. Qh5 f5 21. Rf2 Rd7 22. Re1 Qc5 23. Rd2 Nc6 24. Red1 Nxe5 25. Ndxe4 fxe4 26. Nxe4 Rxd2 27. Nxc5 Bg4 28. Rxd2 Bxh5 29. Ne6 Rf6 30. g4 Nxg4 31. Re2 Bf7 32. Bg5 Rxe6 33. Rxe6 Bc5 34. Be7 Bxe6 35. Bxc5 Ne5 36. Kg2 Bf5 0-1

[Event "Havana-A"]
[Site "Havana CUB"]
[Date "1985.??.??"]
[Round "?"]
[White "Westerinen, Heikki M J"]
[Black "Fedorowicz, John P"]
[Result "1/2-1/2"]
[WhiteElo "2420"]
[BlackElo "2520"]
[PlyCount "38"]
[EventDate "1985.??.??"]
[Source "www.chesslib.no"]
[SourceDate "2004.05.04"]

1. e4 c5 2. Nf3 d6 3. Nc3 Nc6 4. d4 cxd4 5. Nxd4 Nf6 6. Be2 e5 7. Nb3 Be7 8. O-O O-O 9. Be3 a6 10. f3 b6 11. Nb5 Nd5 12. Qxd5 Qc7 13. Qd2 Be6 14. c4 a5 15. a4 Nb4 16. Rfc1 g6 17. Qe1 Na6 18. Nd2 Nc5 19. Ra3 f5 1/2-1/2

[Event "Komotini GP"]
[Site "Komotini"]
[Date "1993.??.??"]
[Round "6"]
[White "Kofidis, Andreas"]
[Black "Atalik, Suat"]
[Result "0-1"]
[WhiteElo "2400"]
[BlackElo "2535"]
[PlyCount "34"]
[EventDate "1993.08.??"]
[Source "www.chesslib.no"]
[SourceDate "2004.05.04"]

1. e4 c5 2. Nf3 d6 3. d4 cxd4 4. Nxd4 Nf6 5. Nc3 Nc6 6. Be2 e5 7. Nb3 Be7 8. O-O O-O 9. f4 a5 10. a4 Nb4 11. Be3 Be6 12. Qd2 d5 13. exd5 Nfxd5 14. Nxd5 Qxd5 15. f5 Nxc2 16. fxe6 Qxb3 17. exf7+ Kh8 0-1